KOHA-Header-6

Exploring Discrete Mathematics With MAPLE (Record no. 8297)

000 -LEADER
fixed length control field 00283nam a2200109Ia 4500
100 ## - MAIN ENTRY--AUTHOR NAME
Personal name Kenneth H. Rosen
245 #0 - TITLE STATEMENT
Title Exploring Discrete Mathematics With MAPLE
260 ## - PUBLICATION, DISTRIBUTION, ETC. (IMPRINT)
Place of publication New York
Name of publisher McGraw Hill
Year of publication 2001
300 ## - PHYSICAL DESCRIPTION
Number of Pages 200
942 ## - ADDED ENTRY ELEMENTS (KOHA)
Koha item type Books
Holdings
Withdrawn status Lost status Collection code Permanent Location Current Location Shelving location Date acquired Full call number Accession Number Koha item type
    Mathematics MAJU MAJU Shelf No.A26 2019-09-13 515.2 2919 Mathematics

Powered by Koha